00598nam a22002057a 450000500170000000800410001702000180005804000070007604100120008308200180009510000250011324500470013825000080018526000420019330000310023536500510026665000350031770000190035270000210037120250910115818.0250910b |||||||| |||| 00| 0 eng d a9789348002341 cAL aEnglish a348.022bTANI aMahesh Prasad Tandon aInterpretation of Statutes and Legislation a13. aFaridabadbAllahabad Law Agencyc2025 aLXIV,495p.bPBc24.5x16 cm a583b₹412.5c₹d₹550.00e25%f03-09-2025 aInterpretation of Constitution aTandon, Rajesh aAggarwal,Nandini